000 01117cam a2200217 4500
001 WB3834-03
008 020917n2002 000 0 eng u
035 _a(Sirsi) u119705
245 _aReport urges better safety
260 _c2002
490 _aPlanning (for the Natural and Built Environment)
_v(1488) 13 September 2002, 2(1)
520 _aFollowing the terrorist attacks on 11 September, the Institution of Structural Engineers has published a report on safety issues in tall/large buildings. The report recommends that tall buildings should be safer, stronger and simpler and be designed to withstand the loss of one structural element. "Safety in tall buildings" is available, priced £30, from the Institution of Structural Engineers, t +44(0)20 7235 4535. Further information at www.istructe.org.uk/publication/pubdetails.asp?pid=110
590 _aWB
650 _aINSTITUTION OF STRUCTURAL ENGINEERS
650 _aTALL BUILDINGS
650 _aSAFETY
650 _aTERRORISM
650 _aBUILT ENVIRONMENT-CONSTRUCTION DESIGN
690 _aBUILT ENVIRONMENT-BUILDING STANDARDS
942 _n0
999 _c71154
_d71154